000 00600nam a22001937a 4500
005 20251108165528.0
008 250721s9999 xx 000 0 ara d
082 1 4 _aم/300.3/جرو
100 1 _aالسابق، جروان
245 1 0 _aمجمع اللغات :
_bقاموس الإقتصاد /
264 1 _aبيروت :
_bدار السابق للنشر،
_c[19-].
300 _a1189ص
650 1 7 _aالعلوم الإجتماعية
650 1 7 _aالمعاجم
650 1 7 _aالعلوم السياسية
650 1 7 _aالعلوم التطبيقية
942 _2ddc
_cREF
999 _c30043
_d30043